000 00309nam a22001217a 4500
008 160613b xxu||||| |||| 00| 0 eng d
020 _a9780323011778
020 _a0323011772
041 _aeng
080 _a618.2
245 _aMedical surgical nursing:
_cPaulette D. Rollant;Deborah A.Ennis;
942 _2udc
_cBK
999 _c2458
_d2458